Conservation as cultural survival : (Record no. 24159)

MARC details
000 -LEADER
fixed length control field 01197cam a2200289 a 4500
001 - CONTROL NUMBER
control field 2831143
003 - CONTROL NUMBER IDENTIFIER
control field BDDh-ASL
005 - DATE AND TIME OF LATEST TRANSACTION
control field 20231015030330.0
008 - FIXED-LENGTH DATA ELEMENTS--GENERAL INFORMATION
fixed length control field 830621s19801978sz a b 100 0 eng
010 ## - LIBRARY OF CONGRESS CONTROL NUMBER
LC control number 83163897
035 ## - SYSTEM CONTROL NUMBER
System control number (DLC) 83163897
040 ## - CATALOGING SOURCE
Original cataloging agency DLC
Transcribing agency DLC
Modifying agency DLC
-- BDDh-ASL
043 ## - GEOGRAPHIC AREA CODE
Geographic area code a------
-- a-tu---
-- ff-----
050 00 - LIBRARY OF CONGRESS CALL NUMBER
Classification number NA109.T9
Item number C65 1980
082 00 - DEWEY DECIMAL CLASSIFICATION NUMBER
Classification number 363.69091
Edition number 19
Item number CON
245 00 - TITLE STATEMENT
Title Conservation as cultural survival :
Remainder of title proceedings of seminar two in the series Architectural transformations in the Islamic world, held in Istanbul, Turkey, September 26-28, 1978 /
260 ## - PUBLICATION, DISTRIBUTION, ETC.
Place of publication, distribution, etc. [Geneva?] :
Name of publisher, distributor, etc. s.n.,
Date of publication, distribution, etc. c1980.
300 ## - PHYSICAL DESCRIPTION
Extent xiii, 115 p. :
Other physical details ill. ;
Dimensions 29 cm.
500 ## - GENERAL NOTE
General note At head of title: The Aga khan award for architecture.
504 ## - BIBLIOGRAPHY, ETC. NOTE
Bibliography, etc. note Includes bibliographies.
650 #0 - SUBJECT ADDED ENTRY--TOPICAL TERM
Topical term or geographic name entry element Architecture
General subdivision Conservation and restoration
Geographic subdivision Turkey
Form subdivision Congresses.
650 #0 - SUBJECT ADDED ENTRY--TOPICAL TERM
Topical term or geographic name entry element Architecture
General subdivision Conservation and restoration
Geographic subdivision Islamic countries
Form subdivision Congresses.
650 #0 - SUBJECT ADDED ENTRY--TOPICAL TERM
Topical term or geographic name entry element Islamic architecture
General subdivision Conservation and restoration
Form subdivision Congresses.
830 #0 - SERIES ADDED ENTRY--UNIFORM TITLE
Uniform title Architectural transformations in the Islamic world ;
Volume/sequential designation 2.
906 ## - LOCAL DATA ELEMENT F, LDF (RLIN)
a 7
b cbc
c orignew
d 3
e ncip
f 19
g y-gencatlg
942 ## - ADDED ENTRY ELEMENTS (KOHA)
Source of classification or shelving scheme Dewey Decimal Classification
Koha item type Books
Holdings
Withdrawn status Lost status Source of classification or shelving scheme Damaged status Not for loan Collection code Home library Current library Shelving location Date acquired Source of acquisition Total Checkouts Full call number Barcode Date last seen Copy number Price effective from Koha item type Public note
    Dewey Decimal Classification     Non-fiction Asiatic Society Library Asiatic Society Library General Stacks 04/13/2021 ASB Library Collections   363.69091 CON 108748 04/13/2021 C-1 04/13/2021 Books Rare

Powered by Koha